000 00452nam a2200181Ia 4500
001 17412
005 20260306171515.0
008 260306s9999||||xx |||||||||||||| ||und||
041 _aESP
082 _a657.9
_bM86
100 _aMoreno Fernández, Joaquín
_eAUT
245 0 _aContabilidad de sociedades:
_bTexto del siglo XXI
260 _c2002
300 _a336 páginas :
_c25 cm
650 _aGEN
654 _aCCO
942 _cLIB
_dJUS
_fJUS
_2ddc
_n
999 _c17412
_d17412